1407 1822 1598 1202 1228 1225 1230 1127 1905 1436 1468 1230 1802 1528 1441 1878 1316 1957 1368 1777 1976 1665 1638 1437 1254 1852 1015 1456 1889 1341 1895 1177 1918 1124 1293 1882 1905 1475 1339 1084 1786 1316 1018 1618 1756 1236 1176 1861 1548 1379 1887 1109 1808 1333 1496 1740 1354 1082 1828 1280 1658 1233 1930 1930 1078 1318 1569 1757 1011 1523 1508 1789 1319 1235 1571 1732 1031 1064 1058 1439 1302 1101 1185 1248 1949 1704 1034 1319 1364 1502 1069 1165 1198 1063 1223 1392 1260 1397 1352 BCNSPRNW ULIB Ver.6.0+V

เปลี่ยนเป็นภาษาไทย

Change to English
 แสดงรายละเอียดบรรณานุกรม
  กลับหน้าหลัก

Brief Record : Get Marc (ISO 2709) : E-mail record : QR code < ปิดหน้าต่าง
LEADER : 00000nam 2200000uu 4500
001    13399110420
003     ULIB
008    110527s2553||||th 000 0 tha d
020    9749437586
020    9789749437582
050  4 HD69^bอ581ก 2553
100 1  อัสติน, โรเบิร์ต ดี.
245 10 การบริหารโครงการ =^bManaging projects large and small /^cRobert D. Austin ; คมสัน ขจรชีพพันธุ์งาม, แปลและเรียบเรียง
246 31 Managing projects large and small
250    พิมพ์ครั้งที่ 5
260    กรุงเทพฯ :^bเอ็กซเปอร์เน็ท,^c2553
300    254 หน้า :^bภาพประกอบ ;^c24 ซม.
440  0 Harvard business essentials series
440  4 หนังสือชุด "หัวใจในการบริหารธุรกิจ"ของมหาวิทยาลัยฮาร์วาร์ด
650  7 การบริหารโครงการ
700 0  คมสัน ขจรชีพพันธุ์งาม,^eผู้แปล
700 1  Austin, Robert D.
945    ^p270^l0^i18170
995    เกษร
999    ^aใช้งานได้ทุกระบบ
รายการนี้ยังไม่มีแท็ก
คุณยังไม่ได้ล็อกอิน คุณสามารถมีกิจกรรมร่วมกับเว็บไซต์ได้ แต่ต้องล็อกอินก่อน ::
  ล็อกอิน

รายการสื่อสารสนเทศ

ลำดับที่ ประเภท เลขเรียก/บาร์โค้ด สถานที่ สถานะ
1. วิทยาศาสตร์การแพทย์ และสุขภาพ
วิทยาศาสตร์การแพทย์ และสุขภาพ
HD69 อ581ก 2553  
  Barcode: 18170
ห้องสมุดวิทยาเขตสวรรค์ประชารักษ์
►นวนิยาย
บนชั้น
  ขอยืม

รายการใกล้เคียง
    ผู้แต่ง [อัสติน, โรเบิร์ต ดี.]

    หัวเรื่อง [การบริหารโครงการ]

BibComment


ยังไม่เคยถูกคอมเมนท์

คอมเมนท์ทรัพยากรรายการนี้
  คอมเมนท์: การบริหารโครงการ ..


 Copyright 2026. Bcnsprnw @Library